000 00741nam a22002177a 4500
003 0
005 20250917110246.0
008 250917b xxu||||| |||| 00| 0 eng d
020 _a979-8-89161-626-4
050 _aQA 76.9.A25
_b.S56 2025
100 _aSimmons, Dennis,
_eauthor.
245 _aCybersecurity and artificial intelligence /
_cDennis Simmons.
260 _aJersey City, USA :
_bAlexis Press,
_c2025.
300 _aviii, 295 pages :
_billustrations ;
_c27 cm.
504 _aIncludes bibliographical references and index.
650 _aComputer security.
650 _aArtificial intelligence.
650 _aArtificial intelligence
_xSecurity measures.
650 _aMachine learning
_xSecurity applications.
942 _2lcc
_cBK
999 _c368000
_d368000